CO MOŻNA ZŁAPAĆ? - Statystyki

Ogólne statystyki
  • Ten quiz został rozwiązany 145 razy
    43 od ostatniego zresetowania
  • Średni wynik to 2 z 11
Statystyki odpowiedzi
Odpowiedź % Poprawnych
Piłkę
88%
Rybę
38%
Wirusa
38%
Przeziębienie
22%
Motyla
16%
Byka za Rogi
13%
Wilka
13%
Welon | Krawat | Kwiaty
6%
Doła
3%
Pokemona
0%
Szczęście za nogi
0%
Nie znaleziono quizów pasujących do podanych kryteriów
Rozkład punktacji
Procent ludzi z każdym wynikiem
Percentyl według liczby udzielonych odpowiedzi
Twoja historia wyników
Nie rozwiązałeś tego quizu od ostatniego zresetowania